000 00819nam a2200217 i 4500
001 189117
003 SpMaBN
005 20230906223401.0
008 190401q1928 sp a |||| | spa d
080 _a86-311.2"19"
100 1 _aFerry, Gabriel.
_950608
245 1 3 _aEl cazador nómada
_b: versión española /
_cGabriel Ferry (Louis de Bellemare) [seud.].
260 _aBarcelona :
_bJuventud,
_c1928.
300 _a1 v. (4 t. en 1 v.) :
_bil. ;
_c23 cm.
490 1 _aColección aventura
505 8 _aContiene: t. 1 (95 p.) - t. 2 (96 p.) - t. 3 (93 p.) - t. 4 (75 p.)
597 _aCada tomo con cub. il. y port. propias.
830 0 _aColección aventura
_9225775
852 _aES-MaACL
_jL-32282
_z- Enc. cart.
_z. - Donat. herederos de la bibl. de Mª del Pilar Costa Palacín
999 _c189117
_d189117